[Event "1st Stars Cup 2016"]
[Site "Guilan, Iran"]
[Date "2016.07.11"]
[Round "1"]
[Board "1"]
[White "Sargissian, Gabriel"]
[Black "Idani, Pouya"]
[Result "1/2-1/2"]
[WhiteElo "2679"]
[BlackElo "2560"]
[PlyCount "0"]
[EventDate "2016.07.11"]
[EventType "team"]
[EventRounds "10"]
[EventCountry "IRI"]
[WhiteTeam "World Stars"]
[BlackTeam "Iran Stars"]

1. d4 {[%clk 1:30:57]} d5 {[%clk 1:30:55]} 2. Nf3 {[%clk 1:31:14]} Nf6
{[%clk 1:31:20]} 3. Bf4 {[%clk 1:29:51]} c5 {[%clk 1:31:06]} 4. e3
{[%clk 1:29:59]} Nc6 {[%clk 1:30:43]} 5. Nbd2 {[%clk 1:29:16]} cxd4
{[%clk 1:27:33]} 6. exd4 {[%clk 1:29:35]} Bf5 {[%clk 1:24:19]} 7. c3
{[%clk 1:29:52]} a6 {[%clk 1:20:51]} 8. Ne5 {[%clk 1:21:32]} Nxe5
{[%clk 1:15:39]} 9. Bxe5 {[%clk 1:13:39]} Nd7 {[%clk 1:10:01]} 10. Bg3
{[%clk 1:12:25]} e6 {[%clk 1:08:43]} 11. a4 {[%clk 1:11:30]} Qb6 {[%clk 1:07:29]}
12. Qb3 {[%clk 1:09:59]} Qxb3 {[%clk 0:57:26]} 13. Nxb3 {[%clk 1:10:02]} Nf6
{[%clk 0:57:51]} 14. f3 {[%clk 1:03:37]} O-O-O {[%clk 0:54:46]} 15. a5
{[%clk 0:52:09]} Bd6 {[%clk 0:49:03]} 16. Bxd6 {[%clk 0:49:24]} Rxd6
{[%clk 0:49:27]} 17. Nc5 {[%clk 0:49:48]} Re8 {[%clk 0:49:11]} 18. g4
{[%clk 0:43:48]} Bg6 {[%clk 0:49:35]} 19. Kd2 {[%clk 0:44:09]} Nd7
{[%clk 0:43:11]} 20. b4 {[%clk 0:43:55]} Nxc5 {[%clk 0:40:39]} 21. bxc5
{[%clk 0:44:14]} Rc6 {[%clk 0:40:16]} 22. Bg2 {[%clk 0:41:30]} h5
{[%clk 0:35:54]} 23. h3 {[%clk 0:41:11]} e5 {[%clk 0:32:58]} 24. Rae1
{[%clk 0:39:03]} f6 {[%clk 0:29:37]} 25. f4 {[%clk 0:37:58]} e4 {[%clk 0:29:28]}
26. f5 {[%clk 0:30:22]} Bf7 {[%clk 0:29:52]} 27. Reg1 {[%clk 0:30:09]} Rc7
{[%clk 0:26:07]} 28. Ke3 {[%clk 0:27:08]} Rh8 {[%clk 0:24:55]} 29. Bf1
{[%clk 0:27:08]} Re7 {[%clk 0:22:09]} 30. g5 {[%clk 0:24:45]} h4 {[%clk 0:22:01]}
31. gxf6 {[%clk 0:18:02]} gxf6 {[%clk 0:21:53]} 32. Rg7 {[%clk 0:17:14]} Kd8
{[%clk 0:20:56]} 33. Rhg1 {[%clk 0:14:23]} Rh5 {[%clk 0:16:56]} 34. Be2
{[%clk 0:14:08]} Rxf5 {[%clk 0:16:06]} 35. Bg4 {[%clk 0:11:44]} Rg5
{[%clk 0:16:30]} 36. Rxg5 {[%clk 0:12:03]} fxg5 {[%clk 0:16:58]} 37. Bf5
{[%clk 0:12:26]} Kc7 {[%clk 0:15:43]} 38. Rxg5 {[%clk 0:12:49]} Be8
{[%clk 0:14:20]} 39. Bg4 {[%clk 0:12:24]} Kc6 {[%clk 0:14:30]} 40. Bd1
{[%clk 0:10:19]} Kb5 {[%clk 0:08:56]} 41. Rxd5 {[%clk 0:09:17]} Kc4
{[%clk 0:08:19]} 42. Rg5 {[%clk 0:09:29]} Bb5 {[%clk 0:07:35]} 43. Bg4
{[%clk 0:09:09]} Kxc3 {[%clk 0:06:57]} 44. d5 {[%clk 0:09:14]} Kb4
{[%clk 0:07:08]} 45. d6 {[%clk 0:09:10]} Re8 {[%clk 0:07:34]} 46. Bh5
{[%clk 0:07:09]} Rc8 {[%clk 0:07:11]} 47. Kxe4 {[%clk 0:07:17]} Rxc5
{[%clk 0:07:36]} 48. Rxc5 {[%clk 0:07:16]} Kxc5 {[%clk 0:08:01]} 49. Ke5
{[%clk 0:07:41]} b6 {[%clk 0:06:27]} 50. Be2 {[%clk 0:06:18]} Bc6
{[%clk 0:05:54]} 51. Bf3 {[%clk 0:05:48]} Bb5 {[%clk 0:05:56]} 52. axb6
{[%clk 0:05:48]} Kxb6 {[%clk 0:06:21]} 53. Ke6 {[%clk 0:06:01]} a5
{[%clk 0:06:23]} 54. Be2 {[%clk 0:05:59]} Bc6 {[%clk 0:06:48]} 55. Bf3
{[%clk 0:06:13]} Bb5 {[%clk 0:07:17]} 56. Be2 {[%clk 0:06:37]} Bc6
{[%clk 0:07:41]} 57. Ke5 1/2-1/2

[Event "1st Stars Cup 2016"]
[Site "Guilan, Iran"]
[Date "2016.07.11"]
[Round "1"]
[Board "2"]
[White "Dreev, Aleksey"]
[Black "Ghaem Maghami, Ehsan"]
[Result "1/2-1/2"]
[WhiteElo "2664"]
[BlackElo "2569"]
[PlyCount "0"]
[EventDate "2016.07.11"]
[EventType "team"]
[EventRounds "10"]
[EventCountry "IRI"]
[WhiteTeam "World Stars"]
[BlackTeam "Iran Stars"]

1. d4 {[%clk 1:30:57]} Nf6 {[%clk 1:30:49]} 2. c4 {[%clk 1:31:21]} e6
{[%clk 1:31:14]} 3. Nc3 {[%clk 1:31:35]} Bb4 {[%clk 1:31:37]} 4. Qc2
{[%clk 1:31:59]} O-O {[%clk 1:31:48]} 5. a3 {[%clk 1:32:20]} Bxc3+
{[%clk 1:32:13]} 6. Qxc3 {[%clk 1:32:45]} d5 {[%clk 1:32:33]} 7. Nf3
{[%clk 1:32:56]} dxc4 {[%clk 1:30:38]} 8. Qxc4 {[%clk 1:32:54]} b6
{[%clk 1:30:26]} 9. Bg5 {[%clk 1:33:01]} Ba6 {[%clk 1:30:11]} 10. Qa4
{[%clk 1:33:21]} h6 {[%clk 1:23:11]} 11. Bh4 {[%clk 1:31:59]} c5 {[%clk 1:21:05]}
12. Rd1 {[%clk 1:22:40]} Qd7 {[%clk 1:17:59]} 13. Qb3 {[%clk 1:13:25]} Qe7
{[%clk 1:04:05]} 14. dxc5 {[%clk 1:05:30]} Qxc5 {[%clk 1:04:02]} 15. Bxf6
{[%clk 1:04:51]} gxf6 {[%clk 1:04:18]} 16. e3 {[%clk 1:01:16]} Bxf1
{[%clk 0:57:29]} 17. Kxf1 {[%clk 1:00:00]} Nc6 {[%clk 0:57:42]} 18. g3
{[%clk 0:59:36]} Ne5 {[%clk 0:50:44]} 19. Nxe5 {[%clk 0:55:34]} Qxe5
{[%clk 0:41:56]} 20. Kg2 {[%clk 0:55:04]} Rfd8 {[%clk 0:41:29]} 21. Qc2
{[%clk 0:40:10]} f5 {[%clk 0:36:17]} 22. Rxd8+ {[%clk 0:36:33]} Rxd8
{[%clk 0:36:41]} 23. Rc1 {[%clk 0:36:50]} Qd5+ {[%clk 0:34:48]} 24. Kg1
{[%clk 0:37:05]} Qf3 {[%clk 0:34:56]} 25. Qc3 {[%clk 0:36:51]} Rd1+
{[%clk 0:34:36]} 26. Rxd1 {[%clk 0:36:11]} Qxd1+ {[%clk 0:34:58]} 27. Kg2
{[%clk 0:36:36]} Qd5+ {[%clk 0:35:22]} 28. Kg1 {[%clk 0:36:46]} Qd1+
{[%clk 0:35:40]} 29. Kg2 {[%clk 0:37:09]} Qd5+ {[%clk 0:36:00]} 1/2-1/2

[Event "1st Stars Cup 2016"]
[Site "Guilan, Iran"]
[Date "2016.07.11"]
[Round "1"]
[Board "3"]
[White "Edouard, Romain"]
[Black "Darini, Pouria"]
[Result "1-0"]
[WhiteElo "2639"]
[BlackElo "2524"]
[PlyCount "0"]
[EventDate "2016.07.11"]
[EventType "team"]
[EventRounds "10"]
[EventCountry "IRI"]
[WhiteTeam "World Stars"]
[BlackTeam "Iran Stars"]

1. e4 {[%clk 1:30:58]} c5 {[%clk 1:29:24]} 2. Nf3 {[%clk 1:31:24]} d6
{[%clk 1:29:40]} 3. Bb5+ {[%clk 1:31:49]} Bd7 {[%clk 1:26:55]} 4. Bxd7+
{[%clk 1:31:38]} Qxd7 {[%clk 1:27:24]} 5. c4 {[%clk 1:30:51]} e5 {[%clk 1:24:23]}
6. Nc3 {[%clk 1:30:50]} Nc6 {[%clk 1:24:00]} 7. d3 {[%clk 1:31:09]} g6
{[%clk 1:19:20]} 8. a3 {[%clk 1:31:16]} Bg7 {[%clk 1:19:28]} 9. b4
{[%clk 1:30:22]} b6 {[%clk 1:09:54]} 10. Nd5 {[%clk 1:06:30]} Nge7
{[%clk 1:03:07]} 11. O-O {[%clk 1:01:52]} O-O {[%clk 0:53:31]} 12. bxc5
{[%clk 0:53:13]} dxc5 {[%clk 0:33:40]} 13. Bb2 {[%clk 0:51:10]} f5
{[%clk 0:26:28]} 14. a4 {[%clk 0:41:25]} fxe4 {[%clk 0:20:26]} 15. dxe4
{[%clk 0:41:49]} Nd4 {[%clk 0:20:49]} 16. Bxd4 {[%clk 0:40:53]} exd4
{[%clk 0:20:31]} 17. Qb3 {[%clk 0:41:19]} Nc6 {[%clk 0:04:32]} 18. Nd2
{[%clk 0:38:57]} Rae8 {[%clk 0:01:15]} 19. f4 {[%clk 0:39:09]} Kh8
{[%clk 0:00:44]} 20. Qb5 {[%clk 0:36:01]} Rf7 {[%clk 0:00:54]} 21. e5
{[%clk 0:35:46]} Na5 {[%clk 0:00:44]} 22. Rac1 {[%clk 0:33:47]} Qxb5
{[%clk 0:01:01]} 23. axb5 {[%clk 0:34:15]} Rd7 {[%clk 0:00:43]} 24. Ne4
{[%clk 0:34:36]} Rdd8 {[%clk 0:00:35]} 25. Nd6 {[%clk 0:30:49]} Rxd6
{[%clk 0:00:57]} 26. exd6 {[%clk 0:31:14]} Rd8 {[%clk 0:01:21]} 27. f5
{[%clk 0:28:17]} gxf5 {[%clk 0:01:48]} 28. Rxf5 {[%clk 0:27:30]} d3
{[%clk 0:00:54]} 29. Rd1 {[%clk 0:25:48]} Bd4+ {[%clk 0:00:50]} 30. Kf1
{[%clk 0:22:53]} Nxc4 {[%clk 0:01:15]} 31. Rxd3 {[%clk 0:18:57]} Nxd6
{[%clk 0:01:40]} 32. Rh5 {[%clk 0:19:25]} Nxb5 {[%clk 0:01:46]} 33. Rf3
{[%clk 0:19:53]} Nd6 {[%clk 0:01:47]} 34. Nc7 {[%clk 0:18:01]} Ne4
{[%clk 0:00:33]} 35. Rf7 {[%clk 0:17:13]} Kg8 {[%clk 0:00:37]} 36. Re7
{[%clk 0:15:56]} Rf8+ {[%clk 0:00:34]} 37. Ke2 {[%clk 0:16:08]} Rf2+
{[%clk 0:00:39]} 38. Kd3 {[%clk 0:16:34]} Rd2+ {[%clk 0:00:49]} 39. Kc4
{[%clk 0:16:13]} Nd6+ {[%clk 0:00:56]} 40. Kd5 {[%clk 0:16:30]} Bf6+
{[%clk 0:01:15]} 41. Ke6 {[%clk 0:16:59]} Bxe7 {[%clk 0:01:20]} 42. Kxe7
{[%clk 0:17:28]} Nc8+ {[%clk 0:00:49]} 43. Ke8 {[%clk 0:17:48]} Nd6+
{[%clk 0:01:19]} 44. Ke7 {[%clk 0:18:16]} Nf7 {[%clk 0:00:54]} 45. Rf5
{[%clk 0:18:28]} Rxg2 {[%clk 0:00:33]} 46. Ne6 {[%clk 0:18:46]} Rd2
{[%clk 0:00:43]} 47. Rf3 {[%clk 0:18:28]} Rd7+ {[%clk 0:01:06]} 48. Ke8
{[%clk 0:18:49]} Rb7 {[%clk 0:01:08]} 49. Rg3+ {[%clk 0:18:50]} Kh8
{[%clk 0:01:37]} 50. Kf8 {[%clk 0:19:02]} Nh6 {[%clk 0:01:51]} 51. Rh3
{[%clk 0:18:31]} Nf5 {[%clk 0:01:27]} 52. Ng5 {[%clk 0:18:28]} h6
{[%clk 0:01:17]} 53. Rh5 {[%clk 0:18:56]} Rb8+ {[%clk 0:01:24]} 54. Kf7
{[%clk 0:19:25]} Rg8 {[%clk 0:00:38]} 55. Ne6 {[%clk 0:19:37]} Nd6+
{[%clk 0:00:48]} 56. Ke7 {[%clk 0:20:00]} Nc8+ {[%clk 0:01:05]} 57. Kf7
{[%clk 0:19:32]} Nd6+ {[%clk 0:01:28]} 58. Ke7 {[%clk 0:20:00]} Nc8+
{[%clk 0:01:57]} 59. Kf7 {[%clk 0:20:25]} Kh7 {[%clk 0:00:33]} 60. Rd5
{[%clk 0:20:50]} a5 {[%clk 0:00:42]} 61. Nf8+ {[%clk 0:20:29]} Rxf8+
{[%clk 0:01:03]} 62. Kxf8 {[%clk 0:20:57]} a4 {[%clk 0:01:00]} 63. Rd8
{[%clk 0:21:06]} b5 {[%clk 0:00:33]} 64. Rxc8 {[%clk 0:21:35]} b4
{[%clk 0:00:35]} 65. Rxc5 {[%clk 0:21:49]} a3 {[%clk 0:00:49]} 66. Ra5
{[%clk 0:22:15]} Kg6 {[%clk 0:00:58]} 67. Ra4 {[%clk 0:22:36]} 1-0

[Event "1st Stars Cup 2016"]
[Site "Guilan, Iran"]
[Date "2016.07.11"]
[Round "1"]
[Board "4"]
[White "Short, Nigel D"]
[Black "Maghsoodloo, Parham"]
[Result "1/2-1/2"]
[WhiteElo "2652"]
[BlackElo "2501"]
[PlyCount "0"]
[EventDate "2016.07.11"]
[EventType "team"]
[EventRounds "10"]
[EventCountry "IRI"]
[WhiteTeam "World Stars"]
[BlackTeam "Iran Stars"]

1. g3 {[%clk 1:29:59]} e5 {[%clk 1:29:42]} 2. Bg2 {[%clk 1:28:07]} d5
{[%clk 1:26:30]} 3. Nf3 {[%clk 1:28:27]} Bd6 {[%clk 1:25:35]} 4. O-O
{[%clk 1:24:15]} Nc6 {[%clk 1:21:35]} 5. c4 {[%clk 1:23:06]} dxc4
{[%clk 1:18:16]} 6. Qa4 {[%clk 1:22:41]} Be6 {[%clk 1:16:53]} 7. Na3
{[%clk 1:22:48]} Bxa3 {[%clk 1:09:45]} 8. bxa3 {[%clk 1:19:09]} e4
{[%clk 1:09:50]} 9. Ne5 {[%clk 1:17:04]} Nf6 {[%clk 0:59:02]} 10. Rb1
{[%clk 1:05:47]} O-O {[%clk 0:57:46]} 11. Nxc6 {[%clk 1:06:12]} bxc6
{[%clk 0:57:42]} 12. Qxc6 {[%clk 1:06:36]} Re8 {[%clk 0:51:25]} 13. a4
{[%clk 0:56:20]} a5 {[%clk 0:48:38]} 14. Re1 {[%clk 0:51:46]} Rb8
{[%clk 0:45:54]} 15. Rxb8 {[%clk 0:42:29]} Qxb8 {[%clk 0:45:55]} 16. h3
{[%clk 0:42:53]} h5 {[%clk 0:40:34]} 17. Qc5 {[%clk 0:41:22]} Qb4
{[%clk 0:41:02]} 18. Qxc7 {[%clk 0:40:47]} Qxa4 {[%clk 0:41:15]} 19. Bb2
{[%clk 0:38:59]} Qxa2 {[%clk 0:40:28]} 20. Bc3 {[%clk 0:38:27]} Nd5
{[%clk 0:36:42]} 21. Qxa5 {[%clk 0:38:44]} Nxc3 {[%clk 0:35:01]} 22. Qxc3
{[%clk 0:39:04]} Rd8 {[%clk 0:35:29]} 23. Rd1 {[%clk 0:39:01]} Qb3
{[%clk 0:33:47]} 24. Ra1 {[%clk 0:38:48]} Qxc3 {[%clk 0:33:33]} 25. dxc3
{[%clk 0:39:12]} f5 {[%clk 0:33:59]} 26. e3 {[%clk 0:34:14]} Rd2 {[%clk 0:32:50]}
27. Rc1 {[%clk 0:34:32]} Kf7 {[%clk 0:31:25]} 28. h4 {[%clk 0:33:56]} Kf6
{[%clk 0:31:46]} 29. Kf1 {[%clk 0:34:22]} g5 {[%clk 0:30:14]} 30. Ke1
{[%clk 0:34:43]} Rb2 {[%clk 0:30:31]} 31. hxg5+ {[%clk 0:35:09]} Kxg5
{[%clk 0:30:57]} 32. Bf1 {[%clk 0:35:17]} h4 {[%clk 0:31:12]} 33. gxh4+
{[%clk 0:35:42]} Kxh4 {[%clk 0:31:38]} 34. Be2 {[%clk 0:33:11]} Kg5
{[%clk 0:31:49]} 35. Bd1 {[%clk 0:31:18]} f4 {[%clk 0:28:56]} 36. Bc2
{[%clk 0:31:03]} Bf5 {[%clk 0:26:55]} 37. Kd2 {[%clk 0:27:27]} Kg4
{[%clk 0:25:41]} 38. Rh1 {[%clk 0:27:36]} Kf3 {[%clk 0:24:57]} 39. Rh4
{[%clk 0:27:10]} Bg4 {[%clk 0:22:41]} 40. Kc1 {[%clk 0:26:22]} Rb5
{[%clk 0:12:59]} 41. Bxe4+ {[%clk 0:03:53]} Kxe4 {[%clk 0:13:01]} 42. Rxg4
{[%clk 0:04:19]} Kd3 {[%clk 0:13:29]} 43. exf4 {[%clk 0:04:26]} Kxc3
{[%clk 0:13:21]} 44. Rg5 {[%clk 0:04:45]} Rb6 {[%clk 0:13:09]} 45. Rg3+
{[%clk 0:03:51]} Kd4 {[%clk 0:13:29]} 46. f5 {[%clk 0:03:44]} Ke5
{[%clk 0:13:09]} 47. Rf3 {[%clk 0:03:59]} Rb3 {[%clk 0:13:25]} 48. Rxb3
{[%clk 0:04:10]} cxb3 {[%clk 0:13:49]} 49. Kb2 {[%clk 0:04:35]} Kxf5
{[%clk 0:14:16]} 50. Kxb3 {[%clk 0:05:00]} Kf4 {[%clk 0:14:40]} 51. Ka2
{[%clk 0:05:23]} Kf3 {[%clk 0:15:06]} 52. Ka1 {[%clk 0:05:47]} Kxf2
{[%clk 0:15:32]} 1/2-1/2

[Event "1st Stars Cup 2016"]
[Site "Guilan, Iran"]
[Date "2016.07.11"]
[Round "1"]
[Board "5"]
[White "Pourramezanali, Amirreza"]
[Black "Sokolov, Ivan"]
[Result "1/2-1/2"]
[WhiteElo "2509"]
[BlackElo "2642"]
[PlyCount "0"]
[EventDate "2016.07.11"]
[EventType "team"]
[EventRounds "10"]
[EventCountry "IRI"]
[WhiteTeam "Iran Stars"]
[BlackTeam "World Stars"]

1. e4 e5 {[%clk 1:30:46]} 2. Nf3 {[%clk 1:31:21]} Nc6 {[%clk 1:31:14]} 3. Bc4
{[%clk 1:31:41]} Nf6 {[%clk 1:31:34]} 4. d3 {[%clk 1:32:07]} Bc5 {[%clk 1:31:37]}
5. O-O {[%clk 1:32:27]} O-O {[%clk 1:31:37]} 6. c3 {[%clk 1:32:54]} d5
{[%clk 1:31:42]} 7. exd5 {[%clk 1:33:17]} Nxd5 {[%clk 1:32:09]} 8. a4
{[%clk 1:33:41]} a5 {[%clk 1:31:55]} 9. Re1 {[%clk 1:33:04]} Bg4 {[%clk 1:23:57]}
10. Nbd2 {[%clk 1:33:14]} Nb6 {[%clk 1:22:04]} 11. Bb5 {[%clk 1:33:23]} f6
{[%clk 1:21:24]} 12. h3 {[%clk 1:31:05]} Bh5 {[%clk 1:19:11]} 13. Ne4
{[%clk 1:11:05]} Bd6 14. Be3 Nd5 {[%clk 1:13:26]} 15. Bc4 {[%clk 1:09:52]} Nce7
{[%clk 1:08:56]} 16. d4 {[%clk 0:55:22]} exd4 {[%clk 0:58:56]} 17. Bxd4
{[%clk 0:55:11]} 1/2-1/2

[Event "1st Stars Cup 2016"]
[Site "Guilan, Iran"]
[Date "2016.07.11"]
[Round "1"]
[Board "6"]
[White "Firouzja, Alireza"]
[Black "Miroshnichenko, Evgenij"]
[Result "1-0"]
[WhiteElo "2481"]
[BlackElo "2616"]
[PlyCount "0"]
[EventDate "2016.07.11"]
[EventType "team"]
[EventRounds "10"]
[EventCountry "IRI"]
[WhiteTeam "Iran Stars"]
[BlackTeam "World Stars"]

1. e4 {[%clk 1:30:55]} Nf6 {[%clk 1:30:46]} 2. e5 {[%clk 1:30:49]} Nd5
{[%clk 1:31:15]} 3. d4 {[%clk 1:30:59]} d6 {[%clk 1:31:43]} 4. c4
{[%clk 1:30:40]} Nb6 {[%clk 1:32:05]} 5. exd6 {[%clk 1:31:05]} exd6
{[%clk 1:32:26]} 6. Nc3 {[%clk 1:29:53]} Be7 {[%clk 1:31:42]} 7. Nf3
{[%clk 1:27:21]} Bg4 {[%clk 1:28:42]} 8. Be2 {[%clk 1:26:03]} O-O
{[%clk 1:26:34]} 9. h3 {[%clk 1:21:51]} Bxf3 {[%clk 1:21:56]} 10. Bxf3
{[%clk 1:22:03]} Nc6 {[%clk 1:22:24]} 11. b3 {[%clk 1:21:12]} Bg5
{[%clk 1:18:11]} 12. O-O {[%clk 1:18:11]} Bxc1 {[%clk 1:17:59]} 13. Rxc1
{[%clk 1:18:32]} Re8 {[%clk 1:18:09]} 14. Qd2 {[%clk 1:10:57]} Nd7
{[%clk 1:12:11]} 15. Rfe1 {[%clk 1:00:13]} Nf6 {[%clk 1:07:25]} 16. Rxe8+
{[%clk 0:55:44]} Qxe8 {[%clk 1:07:24]} 17. b4 {[%clk 0:55:54]} Rb8
{[%clk 0:57:27]} 18. b5 {[%clk 0:52:42]} Ne7 {[%clk 0:57:49]} 19. Ne2
{[%clk 0:47:10]} b6 {[%clk 0:48:08]} 20. Nf4 {[%clk 0:44:43]} Qd7
{[%clk 0:45:50]} 21. Qc3 {[%clk 0:37:22]} Re8 {[%clk 0:41:12]} 22. Qa3
{[%clk 0:34:49]} c5 {[%clk 0:27:11]} 23. bxc6 {[%clk 0:33:12]} Nxc6
{[%clk 0:27:31]} 24. Rd1 {[%clk 0:27:51]} Na5 {[%clk 0:26:37]} 25. c5
{[%clk 0:25:18]} d5 {[%clk 0:25:10]} 26. cxb6 {[%clk 0:23:43]} axb6
{[%clk 0:25:35]} 27. Qb4 {[%clk 0:23:21]} Qc6 {[%clk 0:22:43]} 28. Rb1
{[%clk 0:22:12]} g5 {[%clk 0:20:13]} 29. Nd3 {[%clk 0:17:15]} Re6
{[%clk 0:20:22]} 30. Rc1 {[%clk 0:15:36]} Qd6 {[%clk 0:20:01]} 31. Qxd6
{[%clk 0:15:42]} Rxd6 {[%clk 0:20:25]} 32. Rc8+ {[%clk 0:14:35]} Kg7
{[%clk 0:20:51]} 33. Ne5 {[%clk 0:14:57]} Nb7 {[%clk 0:17:08]} 34. Nxf7
{[%clk 0:09:41]} Kxf7 {[%clk 0:15:41]} 35. Rc7+ {[%clk 0:10:09]} Kg6
{[%clk 0:16:05]} 36. Rxb7 {[%clk 0:10:31]} h5 {[%clk 0:15:55]} 37. Be2
{[%clk 0:10:36]} g4 {[%clk 0:15:24]} 38. hxg4 {[%clk 0:08:37]} hxg4
{[%clk 0:15:48]} 39. Bd3+ {[%clk 0:07:46]} Kh6 {[%clk 0:15:59]} 40. Kh2
{[%clk 0:04:59]} Rc6 {[%clk 0:15:34]} 41. Rf7 {[%clk 0:05:11]} Kg5
{[%clk 0:14:34]} 42. Rg7+ {[%clk 0:03:17]} Kf4 {[%clk 0:12:50]} 43. Rg6
{[%clk 0:03:34]} Rd6 {[%clk 0:12:51]} 44. Kg1 {[%clk 0:03:26]} Rc6
{[%clk 0:12:47]} 45. Kf1 {[%clk 0:03:40]} 1-0

[Event "1st Stars Cup 2016"]
[Site "Guilan, Iran"]
[Date "2016.07.11"]
[Round "1"]
[Board "7"]
[White "Khademalsharieh, Sarasadat"]
[Black "Lu, Shanglei"]
[Result "0-1"]
[WhiteElo "2445"]
[BlackElo "2611"]
[PlyCount "0"]
[EventDate "2016.07.11"]
[EventType "team"]
[EventRounds "10"]
[EventCountry "IRI"]
[WhiteTeam "Iran Stars"]
[BlackTeam "World Stars"]

1. d4 {[%clk 1:30:55]} d5 {[%clk 1:30:24]} 2. c4 {[%clk 1:31:08]} e6
{[%clk 1:30:40]} 3. Nc3 {[%clk 1:30:38]} Nf6 4. Nf3 {[%clk 1:29:59]} dxc4
{[%clk 1:30:39]} 5. e4 {[%clk 1:29:27]} Bb4 {[%clk 1:30:14]} 6. Bxc4
{[%clk 1:29:14]} Nxe4 {[%clk 1:30:04]} 7. O-O {[%clk 1:29:35]} Nxc3
{[%clk 1:30:08]} 8. bxc3 {[%clk 1:29:57]} Be7 {[%clk 1:30:30]} 9. Ne5
{[%clk 1:29:48]} O-O {[%clk 1:30:43]} 10. Qg4 {[%clk 1:29:11]} Nc6
{[%clk 1:30:21]} 11. Re1 {[%clk 1:28:15]} f5 {[%clk 1:30:18]} 12. Qf3
{[%clk 1:28:37]} Nxe5 {[%clk 1:30:42]} 13. Rxe5 {[%clk 1:29:03]} Kh8
{[%clk 1:31:03]} 14. h3 {[%clk 1:28:31]} Bd6 {[%clk 1:22:08]} 15. Re1
{[%clk 1:27:36]} Qh4 {[%clk 1:10:12]} 16. Bd2 {[%clk 1:21:00]} Rf6
{[%clk 0:53:05]} 17. Re2 {[%clk 1:01:03]} g5 {[%clk 0:50:42]} 18. g3
{[%clk 0:44:11]} Qxh3 {[%clk 0:49:55]} 19. Bxg5 {[%clk 0:44:25]} Rg6
{[%clk 0:50:09]} 20. Bf4 {[%clk 0:44:48]} Bd7 {[%clk 0:44:53]} 21. Bxd6
{[%clk 0:29:59]} cxd6 {[%clk 0:45:09]} 22. Qxb7 {[%clk 0:23:59]} Rag8
{[%clk 0:43:53]} 23. Rd2 {[%clk 0:18:23]} f4 {[%clk 0:34:07]} 24. Bf1
{[%clk 0:17:52]} Qh6 {[%clk 0:33:42]} 25. Qxd7 {[%clk 0:16:43]} fxg3
{[%clk 0:34:01]} 26. f4 {[%clk 0:17:10]} Qxf4 {[%clk 0:34:22]} 27. Re2
{[%clk 0:17:36]} g2 {[%clk 0:34:46]} 28. Bxg2 {[%clk 0:17:46]} 0-1

[Event "1st Stars Cup 2016"]
[Site "Guilan, Iran"]
[Date "2016.07.11"]
[Round "1"]
[Board "8"]
[White "Mchedlishvili, Mikheil"]
[Black "Lorparizangeneh, Shahin"]
[Result "1-0"]
[WhiteElo "2604"]
[BlackElo "2468"]
[PlyCount "0"]
[EventDate "2016.07.11"]
[EventType "team"]
[EventRounds "10"]
[EventCountry "IRI"]
[WhiteTeam "World Stars"]
[BlackTeam "Iran Stars"]

1. d4 {[%clk 1:30:51]} Nf6 {[%clk 1:30:26]} 2. c4 {[%clk 1:30:56]} g6
{[%clk 1:30:47]} 3. Nc3 {[%clk 1:30:45]} d5 {[%clk 1:31:09]} 4. Bg5
{[%clk 1:30:26]} Bg7 {[%clk 1:31:18]} 5. Bxf6 {[%clk 1:28:54]} Bxf6
{[%clk 1:31:38]} 6. cxd5 {[%clk 1:28:46]} c5 {[%clk 1:31:25]} 7. dxc5
{[%clk 1:28:01]} Nd7 {[%clk 1:29:33]} 8. e3 {[%clk 1:26:01]} O-O {[%clk 1:25:43]}
9. Bc4 {[%clk 1:24:18]} Nxc5 {[%clk 1:21:37]} 10. Nge2 {[%clk 1:22:32]} Qa5
{[%clk 1:04:30]} 11. Qd2 {[%clk 1:20:30]} Bd7 {[%clk 0:57:00]} 12. a3
{[%clk 1:12:44]} Qb6 {[%clk 0:50:01]} 13. Rc1 {[%clk 1:06:17]} a5
{[%clk 0:48:55]} 14. O-O {[%clk 1:05:23]} Rfc8 {[%clk 0:46:26]} 15. Nd4
{[%clk 1:00:41]} Na4 {[%clk 0:42:01]} 16. Nxa4 {[%clk 0:47:35]} Bxa4
{[%clk 0:41:57]} 17. Rfe1 {[%clk 0:39:09]} Rc7 {[%clk 0:39:15]} 18. Rc3
{[%clk 0:37:28]} Rac8 {[%clk 0:31:30]} 19. Rec1 {[%clk 0:36:15]} Rc5
{[%clk 0:25:36]} 20. h3 {[%clk 0:30:48]} Bd7 {[%clk 0:22:55]} 21. Be2
{[%clk 0:28:30]} Qd6 {[%clk 0:15:43]} 22. Rxc5 {[%clk 0:24:42]} Rxc5
{[%clk 0:16:04]} 23. Rxc5 {[%clk 0:24:09]} Qxc5 {[%clk 0:16:32]} 24. Nb3
{[%clk 0:24:11]} Qb6 {[%clk 0:15:17]} 25. Nxa5 {[%clk 0:24:11]} Qxb2
{[%clk 0:15:38]} 26. Qxb2 {[%clk 0:21:00]} Bxb2 {[%clk 0:16:04]} 27. Nc4
{[%clk 0:20:18]} Bc3 {[%clk 0:11:39]} 28. Nb6 {[%clk 0:19:18]} Be8
{[%clk 0:12:02]} 29. Bf3 {[%clk 0:17:44]} Ba5 {[%clk 0:06:36]} 30. Nc8
{[%clk 0:16:39]} Kf8 {[%clk 0:05:09]} 31. d6 {[%clk 0:15:49]} exd6
{[%clk 0:05:34]} 32. Nxd6 {[%clk 0:06:30]} b6 {[%clk 0:05:56]} 33. Nc4
{[%clk 0:06:55]} Ke7 {[%clk 0:05:47]} 34. Bd5 {[%clk 0:06:46]} g5
{[%clk 0:05:25]} 35. g3 {[%clk 0:06:34]} f6 {[%clk 0:05:22]} 36. h4
{[%clk 0:05:57]} h6 {[%clk 0:05:06]} 37. Kg2 {[%clk 0:05:55]} Bh5
{[%clk 0:04:09]} 38. e4 {[%clk 0:05:10]} Be2 {[%clk 0:03:15]} 39. Nxa5
{[%clk 0:05:04]} bxa5 {[%clk 0:03:44]} 40. f4 {[%clk 0:05:23]} Kd6
{[%clk 0:03:42]} 41. Kf2 {[%clk 0:05:39]} Bd1 {[%clk 0:03:28]} 42. Ke3
{[%clk 0:04:59]} Kc5 {[%clk 0:03:51]} 43. Bf7 {[%clk 0:05:00]} Bc2
{[%clk 0:02:22]} 44. e5 {[%clk 0:03:30]} gxh4 {[%clk 0:01:57]} 45. gxh4
{[%clk 0:03:47]} f5 {[%clk 0:02:24]} 46. Kd2 {[%clk 0:03:17]} Be4
{[%clk 0:02:19]} 47. Kc3 {[%clk 0:02:33]} Bb1 {[%clk 0:02:29]} 48. Bb3
{[%clk 0:02:52]} Be4 {[%clk 0:01:47]} 49. Bc2 {[%clk 0:03:06]} Kd5
{[%clk 0:01:50]} 50. Bxe4+ {[%clk 0:02:55]} fxe4 {[%clk 0:02:15]} 51. h5
{[%clk 0:02:35]} Ke6 {[%clk 0:01:46]} 52. Kd4 {[%clk 0:03:00]} Kf5
{[%clk 0:02:12]} 53. a4 {[%clk 0:02:53]} 1-0